| 000 | 01109cam a2200385 i 4500 | ||
|---|---|---|---|
| 001 | 200468100 | ||
| 003 | TR-AnTOB | ||
| 005 | 20260414101844.0 | ||
| 007 | ta | ||
| 008 | 260414s1990 nmu 000 1 eng | ||
| 010 | _a 90011301 | ||
| 020 |
_a0913793132 _q(paperback) |
||
| 020 | _a9780913793138 | ||
| 035 | _a2468855 | ||
| 035 | _a(TR-AnTOB)200468100 | ||
| 040 |
_aDLC _beng _erda _cDLC _dDLC _dTR-AnTOB |
||
| 041 | 0 | _aeng | |
| 043 | _an-mx--- | ||
| 050 | 0 | 0 |
_aPS3557.H55 _bI5 1990 |
| 090 |
_aPS3557.H55 _bI5 1990 |
||
| 100 | 1 |
_aGhiselin, Olive _eauthor _4aut _9153639 |
|
| 245 | 1 | 0 |
_aIn dust and water : _bstories / _cby Olive Ghiselin. |
| 250 | _aFirst edition. | ||
| 264 | 1 |
_aSanta Fe, N.M. : _bTeal Press, _c1990. |
|
| 300 |
_a120 pages ; _c23 cm |
||
| 336 |
_atext _btxt _2rdacontent |
||
| 337 |
_aunmediated _bn _2rdamedia |
||
| 338 |
_avolume _bnc _2rdacarrier |
||
| 500 | _a"Errata": 1 leaf inserted. | ||
| 651 | 0 |
_aMexico _xSocial life and customs _vFiction _9153045 |
|
| 655 | 7 |
_aFiction _2lcgft _9151487 |
|
| 942 |
_2lcc _cBK |
||
| 999 |
_c200468100 _d86312 |
||